|
|
|
|
| LEADER |
01535nam a22004332a 4500 |
| 001 |
001731363 |
| 003 |
CZ BrMZK |
| 005 |
20200219093733.0 |
| 007 |
ta |
| 008 |
200219s1990 xr a er|||||||||||cze d |
| 020 |
|
|
|q (Brož.)
|
| 040 |
|
|
|a BOA001
|b cze
|e aacr2
|
| 072 |
|
7 |
|a 616
|x Patologie. Klinická medicína
|2 Konspekt
|9 14
|
| 080 |
|
|
|a 616-083
|
| 080 |
|
|
|a 614.2
|
| 080 |
|
|
|a 616-082
|
| 100 |
1 |
|
|a Šefrna, Bohumil,
|d 1926-2000
|7 jk01122706
|4 aut
|
| 245 |
1 |
0 |
|a Dobrovolná sestra ČSČK /
|c Bohumil Šefrna a kolektiv
|
| 250 |
|
|
|a 5. vyd.
|
| 260 |
|
|
|a Praha :
|b Avicenum,
|c 1990
|
| 300 |
|
|
|a 387 s. :
|b il., tab. ;
|c 21 cm
|
| 500 |
|
|
|a Vydavatel: ČSČK. Federální výbor
|
| 500 |
|
|
|a Kresby a obálka Miloš Váňa
|
| 504 |
|
|
|a Obsahuje literaturu
|
| 650 |
0 |
7 |
|a ošetřovatelství
|2 czenas
|
| 650 |
0 |
7 |
|a péče o pacienta
|2 czenas
|
| 650 |
0 |
7 |
|a Červený kříž
|x organizace a řízení
|2 czenas
|
| 650 |
0 |
7 |
|a dobrovolníci v nemocnici
|x výchova
|2 czenas
|
| 650 |
0 |
7 |
|a ošetřovatelská péče
|2 czenas
|
| 650 |
0 |
7 |
|a první pomoc
|2 czenas
|
| 650 |
0 |
7 |
|a třídění a první ošetření raněných
|2 czenas
|
| 650 |
0 |
7 |
|a obvazy
|2 czenas
|
| 650 |
0 |
7 |
|a management, organizace a řízení zdravotnictví
|2 czenas
|
| 655 |
|
7 |
|a příručky
|7 fd133209
|2 czenas
|
| 710 |
2 |
|
|a Československý červený kříž (organizace)..
|b Federální výbor
|
| 910 |
|
|
|a BOA001
|b 2-0980.497
|
| 990 |
|
|
|a BK
|
| 991 |
|
|
|b 202002
|
| 996 |
6 |
|
|b 2610813128
|c 2-0980.497
|l MZK
|r Sklad / do 1 hodiny
|n 0
|p dar
|w 001782991
|u 000010
|a 1
|e BOA001
|j MZK50
|s P
|